Take Aim | Sleep Token Lyrics - Statistics

General Stats
  • This quiz has been taken 6 times
  • The average score is 115 of 135
Answer Stats
Answer % Correct
a
100%
again
100%
aim
100%
aim,
100%
And,
100%
And
100%
and
100%
Call,
100%
call
100%
follow
100%
for
100%
I
100%
it
100%
Just
100%
kill
100%
like
100%
Like
100%
love
100%
me?
100%
me
100%
run
100%
see
100%
shivers
100%
So
100%
take
100%
the
100%
up
100%
Wait,
100%
wait
100%
waking
100%
we
100%
weapons
100%
when
100%
wind
100%
won’t
100%
Won’t
100%
you
100%
you?
100%
your
100%
alive?
67%
at
67%
bathe
67%
battle
67%
be
67%
body
67%
both
67%
broken
67%
cry?
67%
curse
67%
Don’t
67%
embrace
67%
feel
67%
fire
67%
forget
67%
hate
67%
How
67%
I'll
67%
in
67%
know
67%
lay
67%
make
67%
Make
67%
my
67%
myself
67%
name?
67%
on
67%
once
67%
out
67%
rivers?
67%
sends
67%
tear
67%
this
67%
till
67%
to
67%
want
67%
will
67%
world?
67%
worth
67%
yearn
67%
yours
67%
apart
33%
break
33%
No matching quizzes found
Score Distribution
Percent of People with Each Score
Percentile by Number Answered
Your Score History
You have not taken this quiz